00830nam 22002533 4500001000700000010002200007021001800029090001100047100004100058200008200099205000800181210004200189215003500231225002600266300003700292606003900329675002600368700003000394702003000424801001800454830001600472990001100488995007700499202101 a978-972-23-3550-8 aPTb309975/10 a202101 a20260511d u||y0pory50 ba aA noite dos animais inventadosfDavid Machadogilustrações de Teresa Lima a5ª aBarcarenacEditorial Presençad2010 a32, [2] p.cencadernadod25 cm aA arca do tesouroh11 aLER+ - Plano Nacional de Leitura 922aLiteratura Infantil Portuguesa a821.134.3-93vPTzpor 962aMachadobDavidf1978- 91163aLimabTeresaf1962- aPTbBMMNgRPC cAna Caetano cLIVROS 002052026-05-11931802bBE1f31522k821.134.3-93 MACo0rLIVROSsOferta